000 00337nam a22001337a 4500
008 170814b xxu||||| |||| 00| 0 eng d
020 _a9780130113016
041 _aeng
080 _24TH
_a51
100 _a36
101 _aMAT
245 _aELEMENTARY DIFFERENTIAL EQUATIONS WITH BOUNDARY VALUE PROBLEMS
_cEDWARDS,C.H
942 _2udc
_cBK
999 _c23263
_d23263